[Event "Mallorca-chT Primera"]
[Site "Palma de Mallorca"]
[Date "2012.03.17"]
[Round "7.1"]
[White "Sabater Moner, Guillermo"]
[Black "Ripoll Marques, Antonio"]
[Result "0-1"]
[WhiteElo "2120"]
[BlackElo "2028"]
[PlyCount "56"]
[EventDate "2012.01.28"]
[EventType "team"]
[EventRounds "9"]
[EventCountry "ESP"]
[SourceTitle "EXT 2014"]
[Source "ChessBase"]
[SourceDate "2013.11.20"]
[SourceVersion "1"]
[SourceVersionDate "2013.11.20"]
[SourceQuality "1"]

1. Nf3 Nf6 2. g3 g6 3. c4 Bg7 4. Bg2 d6 5. d4 0-0 6. 0-0 Nc6 7. Nc3 a6 8. h3 Rb8 9. Be3 Re8 10. d5 Na5 11. Nd2 c5 12. a4 Bd7 13. Kh2 Qc7 14. Bg5 h6 15. Bxf6 Bxf6 16. Qc2 b5 17. axb5 axb5 18. cxb5 Bxb5 19. Be4 Bd7 20. Ra3 Qb6 21. Bxg6 fxg6 22. Qxg6+ Bg7 23. Nce4 Rf8 24. g4 Qb4 25. Rfa1 Nc4 26. Rb3 Ne5 27. Qh5 Qd4 28. Rxb8 Rxb8 0-1

[Event "Mallorca-chA"]
[Site "Palma de Mallorca"]
[Date "2011.11.06"]
[Round "3"]
[White "Ripoll Marques, Antonio"]
[Black "Pulido Sancho, Alfredo"]
[Result "1-0"]
[WhiteElo "2034"]
[BlackElo "1963"]
[PlyCount "85"]
[EventDate "2011.10.29"]
[EventType "swiss"]
[EventRounds "8"]
[EventCountry "ESP"]
[SourceTitle "EXT 2014"]
[Source "ChessBase"]
[SourceDate "2013.11.20"]
[SourceVersion "1"]
[SourceVersionDate "2013.11.20"]
[SourceQuality "1"]

1. d4 d5 2. Nf3 Nf6 3. c4 c6 4. Nc3 a6 5. c5 g6 6. g3 Bg7 7. Bg2 0-0 8. 0-0 Nbd7 9. Bg5 h6 10. Bf4 g5 11. Bc1 e5 12. e3 e4 13. Nd2 g4 14. h3 h5 15. h4 Ne8 16. Ne2 Bh6 17. b4 Nc7 18. Qb3 Re8 19. a4 Nf8 20. Kh2 Qf6 21. Nb1 Ng6 22. Nbc3 Ne6 23. Rh1 Nxh4 24. gxh4 Qxf2 25. Ng3 Ng5 26. hxg5 h4 27. Nce2 h3 28. Nf4 hxg2 29. Nxg2 Bxg5 30. Rf1 Qf3 31. Rxf3 exf3 32. Nf4 Bxf4 33. exf4 Kg7 34. Be3 Rh8+ 35. Kg1 Bd7 36. Ra2 Rh3 37. Bf2 Rah8 38. b5 cxb5 39. Qxd5 Be6 40. Qg5+ Kf8 41. d5 Bd7 42. Qd8+ Be8 43. d6 1-0

[Event "Mallorca-chA"]
[Site "Palma de Mallorca"]
[Date "2011.11.05"]
[Round "2"]
[White "Massanet Massanet, Sebastian"]
[Black "Ripoll Marques, Antonio"]
[Result "1-0"]
[WhiteElo "2222"]
[BlackElo "2034"]
[PlyCount "91"]
[EventDate "2011.10.29"]
[EventType "swiss"]
[EventRounds "8"]
[EventCountry "ESP"]
[SourceTitle "EXT 2014"]
[Source "ChessBase"]
[SourceDate "2013.11.20"]
[SourceVersion "1"]
[SourceVersionDate "2013.11.20"]
[SourceQuality "1"]

1. e4 c5 2. Nf3 d6 3. d4 cxd4 4. Nxd4 Nf6 5. Nc3 a6 6. Bg5 e6 7. f4 Qc7 8. Bxf6 gxf6 9. f5 Nc6 10. fxe6 fxe6 11. Be2 Ne5 12. Bh5+ Ng6 13. Qg4 Qf7 14. 0-0 Bd7 15. Qh3 Rg8 16. Bg4 e5 17. Be6 Bxe6 18. Nxe6 Nf4 19. Nxf4 exf4 20. Rxf4 Be7 21. Nd5 Bd8 22. Raf1 Rg6 23. Rh4 Rg7 24. Rh6 Qd7 25. Qh5+ Qf7 26. Qf5 Rg6 27. Rxg6 hxg6 28. Nxf6+ Bxf6 29. Qxf6 Qxf6 30. Rxf6 Rc8 31. c3 Rc4 32. Rxd6 Rxe4 33. Rxg6 Kd7 34. Kf2 a5 35. g4 a4 36. h4 a3 37. bxa3 Rc4 38. h5 Rxc3 39. Kg2 Rxa3 40. h6 Rxa2+ 41. Kg3 Ra3+ 42. Kh4 Ra1 43. Rg7+ Ke6 44. Kg5 b5 45. h7 Rh1 46. Rg6+ 1-0

[Event "Mallorca-chA"]
[Site "Palma de Mallorca"]
[Date "2011.10.29"]
[Round "1"]
[White "Ripoll Marques, Antonio"]
[Black "Lechado Artigues, Pedro"]
[Result "1-0"]
[WhiteElo "2034"]
[BlackElo "2144"]
[PlyCount "67"]
[EventDate "2011.10.29"]
[EventType "swiss"]
[EventRounds "8"]
[EventCountry "ESP"]
[SourceTitle "EXT 2014"]
[Source "ChessBase"]
[SourceDate "2013.11.20"]
[SourceVersion "1"]
[SourceVersionDate "2013.11.20"]
[SourceQuality "1"]

1. d4 Nf6 2. Bg5 c5 3. d5 Qb6 4. Nc3 Qxb2 5. Bd2 Qb6 6. e4 d6 7. f4 Qc7 8. Nf3 Nbd7 9. Bb5 a6 10. Bxd7+ Nxd7 11. Qe2 g6 12. e5 Bg7 13. 0-0 0-0 14. e6 fxe6 15. Ng5 Nf6 16. Nxe6 Bxe6 17. Qxe6+ Kh8 18. Rae1 b5 19. f5 gxf5 20. Rxf5 Rae8 21. Ne2 c4 22. Bc3 b4 23. Bd4 c3 24. Ref1 Qc4 25. Rg5 Qxa2 26. Ng3 Qxc2 27. Rxg7 Kxg7 28. Nh5+ Kg6 29. Nxf6 exf6 30. Rxf6+ Rxf6 31. Qxf6+ Kh5 32. Qf3+ Kg5 33. h4+ Kh6 34. Qf4+ 1-0

[Event "Palma de Mallorca op 4th"]
[Site "Palma de Mallorca"]
[Date "2009.11.25"]
[Round "6"]
[White "Ocantos, Manuel"]
[Black "Ripoll Marques, Antonio"]
[Result "1-0"]
[WhiteElo "2161"]
[BlackElo "2091"]
[PlyCount "83"]
[EventDate "2009.11.21"]
[EventType "swiss"]
[EventRounds "9"]
[EventCountry "ESP"]
[SourceTitle "EXT 2011"]
[Source "ChessBase"]
[SourceDate "2010.11.26"]
[SourceVersion "1"]
[SourceVersionDate "2010.11.26"]
[SourceQuality "1"]

1. e4 e5 2. Nf3 Nc6 3. Bb5 d6 4. d4 Bd7 5. Nc3 Nf6 6. Bg5 Be7 7. 0-0 Nxd4 8. Nxd4 exd4 9. Qxd4 0-0 10. Rad1 Be6 11. Kh1 h6 12. Bc1 Nh7 13. f4 f5 14. Bc4 Bxc4 15. Qxc4+ Kh8 16. exf5 c6 17. Rde1 d5 18. Qb3 Qd7 19. Ne2 Rxf5 20. Qh3 Bc5 21. Ng3 Rf7 22. f5 Re8 23. Rd1 Bd6 24. Nh5 Re5 25. g4 Re2 26. Rd2 Rfe7 27. Qd3 Qe8 28. f6 gxf6 29. Nxf6 Nxf6 30. Rxf6 Re1+ 31. Kg2 R7e6 32. Rdf2 Rxc1 33. Qd2 Rxf6 34. Rxf6 Qe4+ 35. Kh3 Rxc2 36. Qxh6+ Qh7 37. Qxh7+ Kxh7 38. Rxd6 Rxb2 39. a4 a5 40. Kg3 Rb3+ 41. Kh4 Rb4 42. Kg5 1-0

[Event "Palma de Mallorca op 4th"]
[Site "Palma de Mallorca"]
[Date "2009.11.24"]
[Round "5"]
[White "Ripoll Marques, Antonio"]
[Black "Perez Garcia, Jose Miguel"]
[Result "1-0"]
[WhiteElo "2091"]
[BlackElo "1794"]
[PlyCount "82"]
[EventDate "2009.11.21"]
[EventType "swiss"]
[EventRounds "9"]
[EventCountry "ESP"]
[SourceTitle "EXT 2011"]
[Source "ChessBase"]
[SourceDate "2010.11.26"]
[SourceVersion "1"]
[SourceVersionDate "2010.11.26"]
[SourceQuality "1"]

1. e4 c5 2. Nf3 Nc6 3. d4 cxd4 4. Nxd4 Nf6 5. Nc3 g6 6. Be3 Bg7 7. f3 0-0 8. Qd2 d6 9. g4 Nxd4 10. Bxd4 Ne8 11. h4 h6 12. Be3 Kh7 13. Bd3 Qa5 14. h5 g5 15. f4 f6 16. f5 Nc7 17. 0-0-0 Bd7 18. Kb1 Bc6 19. Bc4 Qb4 20. Qd3 b5 21. Bb3 Qa5 22. Rhe1 Rfc8 23. Bd2 Bf8 24. Nd5 Qa6 25. Nb4 Qb7 26. c3 a5 27. Nxc6 Qxc6 28. Bd5 Nxd5 29. Qxd5 Qxd5 30. exd5 Rc4 31. Rg1 Rac8 32. b3 R4c5 33. Be1 b4 34. cxb4 axb4 35. Bxb4 Rb5 36. a3 Kg7 37. Rg2 Kf7 38. Rc2 Rcb8 39. Rd3 Ke8 40. Kb2 Kd7 41. Rc4 R8b7 1-0